Big East Men's Basketball Players of the Year - Statistics

General Stats
  • This quiz has been taken 28 times
    3 since last reset
  • The average score is 27 of 56
Answer Stats
Year Player College Current Team % Correct
2024 Devin Carter Providence Sacramento Kings
100%
2014 Doug McDermott Creighton Sacramento Kings
100%
2004 Emeka Okafor UConn Retired
100%
2009 Hasheem Thabeet UConn Dar City - Tanzania
100%
2016 Kris Dunn Providence Los Angeles Clippers
100%
2015 Kris Dunn Providence Los Angeles Clippers
100%
2025 RJ Luis Jr. St. John's Free Agent
100%
2023 Tyler Kolek Marquette New York Knicks
100%
2026 Zuby Ejiofor St. John's St. John's Red Storm
100%
1985 Chris Mullin St. John's Retired
67%
1984 Chris Mullin St. John's Retired
67%
1983 Chris Mullin St. John's Retired
67%
2022 Collin Gillespie Villanova Phoenix Suns
67%
2021 Collin Gillespie Villanova Phoenix Suns
67%
2012 Jae Crowder Marquette Vaqueros de Bayamón - Puerto Rico
67%
2018 Jalen Brunson Villanova New York Knicks
67%
2007 Jeff Green Georgetown Houston Rockets
67%
2021 Jeremiah Robinson-Earl Villanova Texas Legends
67%
2017 Josh Hart Villanova New York Knicks
67%
2019 Markus Howard Marquette Saski Baskonia - Spain
67%
2020 Myles Powell Seton Hall Shandong Hi-Speed Kirin - China
67%
2013 Otto Porter Jr. Georgetown Retired
67%
1985 Patrick Ewing Georgetown New York Knicks - (Basketball Ambassador)
67%
1984 Patrick Ewing Georgetown New York Knicks - (Basketball Ambassador)
67%
1996 Ray Allen UConn Retired
67%
2015 Ryan Arcidiacono Villanova Free Agent
67%
1992 Alonzo Mourning Georgetown Miami Heat - (Vice President of Player Programs & Development)
33%
2011 Ben Hansbrough Notre Dame Retired
33%
2002 Brandin Knight Pittsburgh Rutgers Scarlet Knights - (Associate Head Coach)
33%
2002 Caron Butler UConn Miami Heat - (Assistant Coach)
33%
1988 Charles D. Smith Pittsburgh Retired
33%
1989 Charles E. Smith Georgetown Retired
33%
2009 DeJuan Blair Pittsburgh Retired
33%
1990 Derrick Coleman Syracuse Retired
33%
1994 Donyell Marshall UConn Retired
33%
2005 Hakim Warrick Syracuse Retired
33%
1995 Kerry Kittles Villanova Retired
33%
2008 Luke Harangody Notre Dame Retired
33%
2006 Randy Foye Villanova Retired
33%
1987 Reggie Willliams Georgetown Retired
33%
1999 Richard Hamilton UConn Retired
33%
1998 Richard Hamilton UConn Retired
33%
2021 Sandro Mamukelashvili Seton Hall Toronto Raptors
33%
2001 Troy Murphy Notre Dame Retired
33%
2000 Troy Murphy Notre Dame Retired
33%
1986 Walter Berry St. John's Retired
33%
2010 Wesley Johnson Syracuse Los Angeles Clippers - (Player Development Assistant)
33%
1991 Billy Owens Syracuse Retired
0%
1982 Dan Callandrillo Seton Hall Retired
0%
1981 John Bagley Boston College Retired
0%
1980 John Duren Georgetown Retired
0%
1997 Pat Garrity Notre Dame Notre Dame Fighting Irish - (General Manager)
0%
1993 Terry Dehere Seton Hall Retired
0%
1999 Tim James Miami Retired
0%
2003 Troy Bell Boston College Retired
0%
2001 Troy Bell Boston College Retired
0%
No matching quizzes found
Score Distribution
Percent of People with Each Score
Percentile by Number Answered
Your Score History
You have not taken this quiz since the last reset